[Event "CAN-ch U10 Girls"]
[Site "Windsor"]
[Date "2010.07.09"]
[Round "7"]
[White "Wapioke, Realle"]
[Black "Zhu, Jiarong"]
[Result "0-1"]
[WhiteElo "396"]
[BlackElo "1386"]
[PlyCount "26"]
[EventDate "2010.07.06"]
[EventType "tourn"]
[EventRounds "7"]
[EventCountry "CAN"]
[SourceTitle "EXT 2012"]
[Source "ChessBase"]
[SourceDate "2011.11.24"]
[SourceVersion "1"]
[SourceVersionDate "2011.11.24"]
[SourceQuality "1"]

1. Nf3 d5 2. e3 Nc6 3. Nh4 e5 4. f3 Qxh4+ 5. Ke2 e4 6. g3 Qg5 7. Qe1 exf3+ 8. Kxf3 Ne5+ 9. Kf2 Qg4 10. Bb5+ c6 11. Ba4 Qf3+ 12. Kg1 Bh3 13. a3 Qg2# 0-1

[Event "CAN-ch U10 Girls"]
[Site "Windsor"]
[Date "2010.07.08"]
[Round "5"]
[White "Wapioke, Realle"]
[Black "Gao, Christine"]
[Result "0-1"]
[WhiteElo "396"]
[BlackElo "1076"]
[PlyCount "44"]
[EventDate "2010.07.06"]
[EventType "tourn"]
[EventRounds "7"]
[EventCountry "CAN"]
[SourceTitle "EXT 2012"]
[Source "ChessBase"]
[SourceDate "2011.11.24"]
[SourceVersion "1"]
[SourceVersionDate "2011.11.24"]
[SourceQuality "1"]

1. e3 d5 2. d4 Nf6 3. f3 Nc6 4. Nd2 e5 5. Ne2 exd4 6. Nxd4 Nxd4 7. exd4 Bf5 8. Be2 Bd6 9. g3 0-0 10. Rf1 Re8 11. Rf2 c5 12. Nb3 c4 13. Nd2 Qb6 14. c3 Bd3 15. Rg2 Re7 16. f4 Rae8 17. Nf1 Bxe2 18. Ne3 Bxd1 19. Kxd1 Rxe3 20. Rg1 Re2 21. Bd2 Qxb2 22. Bc1 Qc2# 0-1

[Event "CAN-ch U10 Girls"]
[Site "Windsor"]
[Date "2010.07.07"]
[Round "4"]
[White "Peng, Janet"]
[Black "Wapioke, Realle"]
[Result "1-0"]
[WhiteElo "1026"]
[BlackElo "396"]
[PlyCount "23"]
[EventDate "2010.07.06"]
[EventType "tourn"]
[EventRounds "7"]
[EventCountry "CAN"]
[SourceTitle "EXT 2012"]
[Source "ChessBase"]
[SourceDate "2011.11.24"]
[SourceVersion "1"]
[SourceVersionDate "2011.11.24"]
[SourceQuality "1"]

1. d4 Nc6 2. Nf3 g6 3. e4 Bg7 4. Nc3 h6 5. Bc4 e6 6. 0-0 Nf6 7. Bf4 Ne7 8. Re1 c6 9. Bd6 Neg8 10. Ne5 Nh7 11. Qf3 b6 12. Qxf7# 1-0